书目信息 |
| 题名: |
桥涵水文
|
|
| 作者: | 高冬光 , 王亚玲 编著 | |
| 分册: | ||
| 出版信息: | 北京 人民交通出版社股份有限公司 2016.08 |
|
| 页数: | 270页 | |
| 开本: | 26cm | |
| 丛书名: | ||
| 单 册: | ||
| 中图分类: | U442.3 | |
| 科图分类: | ||
| 主题词: | 桥涵工程--水文计算--高等学校--教材 | |
| 电子资源: | ||
| ISBN: | 978-7-114-13238-4 | |
| 000 | 01142nam0 2200289 450 | |
| 001 | 0100004567 | |
| 005 | 20220609094850.52 | |
| 010 | @a978-7-114-13238-4@dCNY35.00 | |
| 100 | @a20161108d2016 em y0chiy50 ea | |
| 101 | 0 | @achi |
| 102 | @aCN@b110000 | |
| 105 | @aak z 000yy | |
| 200 | 1 | @a桥涵水文@Aqiao han shui wen@f高冬光,王亚玲编著 |
| 205 | @a5版 | |
| 210 | @a北京@c人民交通出版社股份有限公司@d2016.08 | |
| 215 | @a270页@c图@d26cm | |
| 300 | @a普通高等教育“十一五”国家级规划教材 高等学校交通运输与工程类专业规划教材 | |
| 312 | @a封面英文题名:Hydrology and hydraulics for bridge engineering | |
| 330 | @a本书主要讲授与桥梁工程有关河流及海洋的水文环境、桥位、桥梁孔径、桥墩桥台、导流及防护工程等有关水文水力基本原理、分析和计算方法。主要内容包括:河流;水文统计原理;设计洪水流量等。 | |
| 333 | @a高校土木工程专业师生 | |
| 510 | 1 | @aHydrology and hydraulics for bridge engineering@zeng |
| 606 | 0 | @a桥涵工程@x水文计算@x高等学校@j教材 |
| 690 | @aU442.3@v5 | |
| 701 | 0 | @a高冬光@Agao dong guang@4编著 |
| 701 | 0 | @a王亚玲@Awang ya ling@4编著 |
| 801 | 0 | @aCN@b河南城建学院图书馆@c201701015 |
| 905 | @dU442.3@eG102=5 | |
| 桥涵水文/高冬光,王亚玲编著.-5版.-北京:人民交通出版社股份有限公司,2016.08 |
| 270页:图;26cm |
| 普通高等教育“十一五”国家级规划教材 高等学校交通运输与工程类专业规划教材.-使用对象:高校土木工程专业师生 |
| ISBN 978-7-114-13238-4:CNY35.00 |
| 本书主要讲授与桥梁工程有关河流及海洋的水文环境、桥位、桥梁孔径、桥墩桥台、导流及防护工程等有关水文水力基本原理、分析和计算方法。主要内容包括:河流;水文统计原理;设计洪水流量等。 |
| ● |
| 相关链接 |
|
|
|
正题名:桥涵水文
索取号:U442.3/G102=5
 
预约/预借
| 序号 | 登录号 | 条形码 | 馆藏地/架位号 | 状态 | 备注 |
| 1 | 1337672 | 213376728 | 自科库501/501自科库 84排1列3层/ [索取号:U442.3/G102=5] | 在馆 | |
| 2 | 1337673 | 213376737 | 自科库501/501自科库 84排1列3层/ [索取号:U442.3/G102=5] | 在馆 | |
| 3 | 1374690 | 213746909 | 自科库501/501自科库 84排1列3层/ [索取号:U442.3/G102=5] | 在馆 | |
| 4 | 1503552 | 215035520 | 自科库501/501自科库 84排1列3层/ [索取号:U442.3/G102=5] | 在馆 | |
| 5 | 1507525 | 215075255 | 自科库501/501自科库 84排1列5层/ | 在馆 | |
| 6 | 1507526 | 215075264 | 自科库501/501自科库 84排1列3层/ | 在馆 | |
| 7 | 522078 | 205220786 | 自科库501/501自科库 84排1列3层/ [索取号:U442.3/G102=5] | 在馆 |